| 000 | 00864nam a2200121Ia 4500 | ||
|---|---|---|---|
| 008 | 220620s9999||||xx |||||||||||||| ||und|| | ||
| 245 | 4 | _aThe Economics of Quarantine and the SPS Agreement | |
| 546 | _aEnglish[eng] | ||
| 650 | _aaustralia||economics||biosecurity||sps rules||import risk||australian produce||quarantine policy||international economic studies||Agreement on the Application of Sanitary and Phytosanitary Measures||Pest (organism)||Risk assessment||Risk management||World Trade Organization | ||
| 700 | _aAnderson, Kym||McRae, Cheryl||Wilson, David | ||
| 856 | _uhttps://library.oapen.org/bitstream/20.500.12657/33154/1/560349.pdf||https://library.oapen.org/bitstream/20.500.12657/33154/1/560349.pdf||https://library.oapen.org/bitstream/20.500.12657/33154/1/560349.pdf||https://library.oapen.org/bitstream/20.500.12657/33154/1/560349.pdf | ||
| 942 | _cEB | ||
| 999 |
_c29549 _d29549 |
||